00536 a2200169 450000100060000008200170000609000170002310000300004024500730007025000060014326000420014930000140019150000170020594200270022299900190024995200980026892106 a891.4393 AZE c44070d44069 aAzeem Beg Chughtai, Mirza aMajmooa Mirza Azeem Beg ChughtaibMazameen, Dastaan, Dramay,Afsaanay a1 aLahorebSange Meel Publicationsc2008 a672p.bHb aGeneral Book aCAE NUSTk891.4393 AZE c327179d327179 001040708NFICaCAEbCAEd2017-04-03l0o891.4393 AZEpCAE88467r2017-04-05w2017-04-05yBK